00869nam a2200181Ia 450000500170000000800410001702000150005808200210007324500650009426000700015930000190022950002760024870000190052470000260054394200060056995200970057599900150067220250123001737.0240331s9999 xx 000 0 und d a8188965375 bDEM25974a305.4 0aAt The Cutting Edge:bEssays in Honour of Kumari Jayawardena aNew DelhibWomen Unlimited (an associate of Kali for Women)c2007 axxxvi, 288 p., aA collection of essays honouring Kumari Jayawardena, who's a South Asian scholar, social scientist and activist. These essays contain critical thoughts on issues of gender, class, human rights, culture and nationalism, which resonate closely with her works on such topics aDe Mel, Needt aThiruchandran, Seedt cL 001040708LaWERCLbWERCLcSSCd2024-03-31l0o 305.4 ATTp5974r2024-03-31w2024-03-31yL c1521d1521